01289nam a2200349 i 4500001000300000003000400003005001700007008003900024015001700063020001500080040001400095041000800109080001000117080001000127080001200137100003600149245022200185246002800407250001700435260004800452300005900500504003000559655003000589650002400619650002800643710004200671856009700713942001200810999001500822952005100837952005100888bgBPK20200630132816.0990421s1983 pl a f f |000 0 pol aPB 1983/7230 a8301051450 aWA NcBPK0 apol a621.3 a537.8 a(075.8)1 aKrakowski, Maciejd(1924-2004).10aElektrotechnika teoretyczna :b[skrypt dla studentów wyższych szkół technicznych i wyższych zawodowych studiów technicznych na kierunku Elektrotechnika].nT. 2,pPole elektromagnetyczne /cMaciej Krakowski.30aPole elektromagnetyczne aWyd. 3 popr. aWarszawa :bPańst. Wydaw. Naukowe,c1983. a2 t. (645, [2] ; 254, [2]) s. :brys., wykr. ;c24 cm. aBibliogr. s. 254-[255] . 4aPodręczniki akademickie 4aObwód elektryczny 4aPole elektromagnetyczne2 aPaństwowe Wydawnictwo Naukowe4pbl. uhttp://koha.tu.koszalin.pl/cgi-bin/koha/opac-detail.pl?biblionumber=1964yKatalog online BPK 2UKDcKS c1964d1964 00104070aBPKbBPKcwoP 32746p01395709yKS 00104070aBPKbBPKcwoP 32747p01625110yKS